00630nam a2200157Ia 4500008004100000082001400041100003400055245012400089260003200213300001000245500001300255505003900268650005700307952009100364999001700455120629s9999 xx 000 0 und d a342 M791c aMontiel D. , Ma. Concepción aCrónicas parlamentarias de la LVI legislatura del H. Congreso del Estado de Guanajuato / Ma. Concepción Montiel D. aGuanajuato : La Legislatura a326 p aÍndice a1. Primer año de ejercicio legal a1. CONDICIONES SOCIALES \ 2. POLÍTICA GOBIERNOÌ 00104070a15b15d2008-09-12l0o342 M791Cp15 000658r2017-12-07t1w2012-06-28yLB c76439d76439